000 00544nam a2200193Ia 4500
003 GCL
008 140319s9999 xx 000 0 eng d
040 _aGCL /
_cGCL
082 0 4 _a616.0756
_bM C
100 1 _aMARSHALL, WILLIAM J
245 1 0 _aClINICAL CHEMISTRY: MULTIPLE CHOICE QUESTIONS /
_cMARSHALL, WILLIAM J
260 _a[S.N] :
_bGOWER MEDICAL PUBLISHING ،
_c1992
650 0 4 _aCHEMISTRY
650 0 4 _aMEDICINE
650 0 4 _aMULTIPLE CHOICE
650 0 4 _aCLINICAL BIOCHEMISTRY
650 0 4 _aCLINICAL MEDICINE
942 _2ddc
_cBK
999 _c16796
_d16796